00605 a2200169 450000500170000001000150001702000310003203500140006303700130007708200150009010000220010524501340012726000340026127001030029530000220039870000150042020211227120711.0 aENG-130670 a978-93-89136-80-7c4000.00 aEN-114202 bDBAD/PUB a745.095475 aFischer, Eberhard aArt for Tribal Rituals in South Gujarat, India A visual Anthropological Survey of 1969:cEdited by Eberhard Fischer and Haku Shah aNew DelhibNiyogi Booksc2021 aBlock D, Building No. 77, Okhla Industrial Area, Phase-IbNew Delhie110020mniyogibooks@gmail.com a527p.c30cm (hbk) aShah, Haku